Shrinking Cities in Connecticut - Statistics

General Stats
  • This quiz has been taken 10 times
  • The average score is 5 of 8
Answer Stats
Population Growth Rate (%) City % Correct
121,054 -3.0 Hartford
100%
40,125 -0.9 Norwich
86%
27,367 -0.9 New London
71%
35,515 -2.4 Torrington
71%
50,558 -1.4 Milford
57%
18,918 -1.9 Ansonia
43%
12,325 -4.4 Derby
43%
31,519 -1.1 Naugatuck
29%
No matching quizzes found
Score Distribution
Percent of People with Each Score
Percentile by Number Answered
Your Score History
You have not taken this quiz